Las finalidades educativas en tiempo de crisis

Αποθηκεύτηκε σε:
Λεπτομέρειες βιβλιογραφικής εγγραφής
Κύριος συγγραφέας: Fullat Genis, Octavio (Συγγραφέας)
Μορφή: Βιβλίο
Γλώσσα:Ισπανικά
Έκδοση: Barcelona Hogar del Libro 1982
Σειρά:Colección navidad, 63
Θέματα:
Ετικέτες: Προσθήκη ετικέτας
Δεν υπάρχουν, Καταχωρήστε ετικέτα πρώτοι!

MARC

LEADER 00000nam a2200000 a 4500
001 UCW4216
003 CL-VaPUC
008 891031e19820000SP |||||||||||||||||spa|d
082 0 4 |a 370.11  |b FUL  |2 21 
100 0 |a Fullat Genis, Octavio  |e author  |9 308822 
245 1 4 |a Las finalidades educativas en tiempo de crisis 
300 |a 310 p 
942 |c BK 
945 |d 19891031 00:00:00 
260 |a Barcelona  |b Hogar del Libro  |c 1982 
650 0 |a Filosofía de la educación   |9 258384 
650 0 |a Objetivos educativos  |9 306344 
583 |a last modification  |c 19891031 00:00:00  |k Rodrigo Vera 
490 0 |a Colección navidad, 63 
999 |c 217994  |d 217992 
952 |0 0  |1 0  |4 0  |6 370_110000000000000_FUL_1982  |7 0  |8 P  |9 206736  |a BIBEDU  |b BIBEDU  |c BIBEDU_PB  |d 2019-11-15  |i 274581K  |o 370.11 FUL 1982  |p 274581K  |r 2024-01-25  |w 2019-11-15  |y BK  |k EDU 
952 |0 0  |1 0  |4 0  |6 370_110000000000000_FUL_1982  |7 0  |8 P  |9 206737  |a BIBEDU  |b BIBEDU  |c BIBEDU_PB  |d 2019-11-15  |i 1601881  |o 370.11 FUL 1982  |p 1601881  |r 2024-01-25  |w 2019-11-15  |y BK  |k EDU